[Event "RUS-Cup02"]
[Site "Moscow"]
[Date "1998.01.22"]
[Round "2"]
[White "Guliev, Sarhan"]
[Black "Morozevich, Alexander"]
[Result "1-0"]
[WhiteElo "2445"]
[BlackElo "2590"]
[PlyCount "65"]
[EventDate "1998.01.21"]
[Source "ChessBase"]
[SourceDate "1998.04.09"]

1. d4 d5 2. c4 c6 3. Nc3 e5 4. cxd5 cxd5 5. dxe5 d4 6. Ne4 Qa5+ 7. Nd2 Nc6 8. Ngf3 Nh6 9. g3 Ng4 10. Bg2 Ne3 11. fxe3 dxe3 12. O-O exd2 13. Bxd2 Qb6+ 14. Kh1 Be7 15. Bg5 O-O 16. Bxe7 Nxe7 17. Ng5 h6 18. Qd6 Nf5 19. Qxb6 axb6 20. e6 Ne3 21. exf7+ Kh8 22. Nf3 Nxf1 23. Ne5 Nxg3+ 24. hxg3 Bf5 25. b4 Ra3 26. e4 Re3 27. g4 Bh7 28. Rf1 g5 29. Nd7 Kg7 30. Nxf8 Kxf8 31. Rf6 b5 32. Kg1 Rg3 33. e5 1-0

[Event "11 Open Aosta"]
[Site "Saint Vincent"]
[Date "2003.02.11"]
[Round "4"]
[White "Atalik, Suat"]
[Black "Ortega, Lexy"]
[Result "1-0"]
[WhiteElo "2581"]
[BlackElo "2452"]
[PlyCount "135"]
[EventDate "2003.02.08"]
[Source "Roberto Alvarez"]
[SourceDate "2003.02.17"]

1. d4 d5 2. c4 c6 3. Nc3 e5 4. dxe5 d4 5. Ne4 Qa5+ 6. Nd2 Bg4 7. h3 Bh5 8. g4 Bg6 9. Ngf3 Nd7 10. e6 fxe6 11. Bg2 e5 12. O-O Be7 13. Nb3 Qc7 14. Ng5 Nf8 15. f4 Bxg5 16. fxg5 Ne6 17. e3 d3 18. e4 O-O-O 19. h4 h6 20. h5 Be8 21. gxh6 gxh6 22. Qf3 Qg7 23. Be3 Bd7 24. Qg3 Nf6 25. Qxe5 Nxg4 26. Qxg7 Nxg7 27. Bxa7 Nxh5 28. Nc5 Ng3 29. Rf3 Ne2+ 30. Kh1 Ne5 31. Nxd3 Nxf3 32. Bxf3 Ng3+ 33. Kh2 Rhg8 34. Rg1 Be6 35. Nf2 Rd2 36. Rxg3 Rxg3 37. Kxg3 Rxb2 38. c5 Rxa2 39. Bb6 Kd7 40. Ng4 Ra3 41. Nxh6 Ra8 42. Kf4 Rf8+ 43. Nf5 Rf7 44. Ke5 Rf8 45. Bh5 Rh8 46. Bg6 Rg8 47. Bh5 Rh8 48. Bg4 Re8 49. Kd4 Rf8 50. Ke5 Re8 51. Kf4 Rf8 52. Bd1 Rf7 53. Ke5 Rf8 54. Nd6 Rf1 55. Bh5 Rg1 56. Bf3 Rf1 57. Kf4 Bb3 58. Ke3 Re1+ 59. Kf2 Rb1 60. Nxb7 Bd1 61. Bg2 Bg4 62. Kg3 Be6 63. Nd6 Rg1 64. Nf5 Bc4 65. Kf2 Rb1 66. Nd4 Be6 67. Nxe6 Kxe6 68. Bc7 1-0

[Event "Leeuwarden op"]
[Site "Leeuwarden"]
[Date "1997.??.??"]
[Round "5"]
[White "Sokolov, Ivan"]
[Black "Delemarre, Jop"]
[Result "0-1"]
[WhiteElo "2635"]
[BlackElo "2395"]
[PlyCount "80"]
[EventDate "1997.11.08"]
[Source "www.chesslib.no"]
[SourceDate "2004.05.04"]

1. d4 d5 2. c4 c6 3. Nc3 e5 4. dxe5 d4 5. Ne4 Qa5+ 6. Bd2 Qxe5 7. Ng3 Nf6 8. Nf3 Qd6 9. Qc2 Be7 10. O-O-O O-O 11. e3 dxe3 12. Bc3 Qc7 13. fxe3 Na6 14. a3 Rd8 15. Rxd8+ Qxd8 16. Be2 Nc5 17. Rd1 Qe8 18. Kb1 Ng4 19. Bd4 Ne6 20. Re1 c5 21. Bc3 Nxe3 22. Qe4 Nxg2 23. Bd3 g6 24. Nh5 Nxe1 25. Qxe1 Qd8 26. Be4 gxh5 27. Qg3+ Kf8 28. Be5 h4 29. Qg1 Bf6 30. Qf2 Nd4 31. Bxb7 Bf5+ 32. Ka2 Bxe5 33. Nxe5 Qb6 34. Be4 Re8 35. Qf4 Qd6 36. Bxf5 Qxe5 37. Qh6+ Ke7 38. Bd3 Rb8 39. Qa6 Qc7 40. Qh6 Qe5 0-1

[Event "Commonwealth-ch"]
[Site "Sangli"]
[Date "2000.??.??"]
[Round "1"]
[White "Sundararajan, Kidambi"]
[Black "Vladimirov, Evgeny"]
[Result "0-1"]
[WhiteElo "2433"]
[BlackElo "2586"]
[PlyCount "118"]
[EventDate "2000.??.??"]
[Source "www.chesslib.no"]
[SourceDate "2004.05.04"]

1. d4 d5 2. c4 c6 3. Nc3 e5 4. cxd5 cxd5 5. Nf3 e4 6. Ne5 Ne7 7. Bf4 f6 8. Qa4+ Nbc6 9. Nxc6 bxc6 10. e3 Bd7 11. Bd6 Nf5 12. Bxf8 Kxf8 13. Be2 Nh4 14. g3 Nf5 15. Rc1 h5 16. h4 g6 17. Qa3+ Qe7 18. Qxe7+ Kxe7 19. Na4 Rab8 20. b3 Nd6 21. Kd2 Be8 22. Rc5 Rh7 23. Ra5 Kf8 24. Ra6 Rbb7 25. Rc1 Rhe7 26. Bf1 g5 27. Bh3 Kf7 28. Rc5 Rb5 29. Rxb5 Nxb5 30. Nc5 Nd6 31. a4 f5 32. hxg5 Kg6 33. Bf1 Kxg5 34. b4 Nc4+ 35. Bxc4 dxc4 36. Ra5 h4 37. gxh4+ Kxh4 38. Na6 Kg4 39. Rc5 f4 40. Rxc4 Kf3 41. exf4 Kxf2 42. Rc1 e3+ 43. Kc3 e2 44. Nc5 e1=Q+ 45. Rxe1 Kxe1 46. Nd3+ Ke2 47. Ne5 Ke3 48. f5 Ke4 49. f6 Rh7 50. Kc4 Kf5 51. Kc5 Kxf6 52. Nxc6 Bxc6 53. Kxc6 Ke7 54. d5 Rh4 55. Kc5 Kd7 56. a5 Rh6 57. b5 Kc7 58. Kc4 Kd6 59. b6 a6 0-1

[Event "WCup"]
[Site "Brussels WCup"]
[Date "1988.??.??"]
[Round "?"]
[White "Nogueiras, Jesus"]
[Black "Nikolic, Zivoslav"]
[Result "1-0"]
[WhiteElo "2560"]
[BlackElo "2455"]
[PlyCount "98"]
[EventDate "1988.??.??"]
[Source "www.chesslib.no"]
[SourceDate "2004.05.04"]

1. d4 d5 2. c4 c6 3. Nc3 e5 4. cxd5 cxd5 5. Nf3 e4 6. Ne5 Be7 7. e3 a6 8. f3 exf3 9. Nxf3 Nf6 10. Bd3 O-O 11. O-O Nc6 12. Bd2 Bg4 13. Be1 Bh5 14. Bh4 Ng4 15. Bxe7 Qxe7 16. Nxd5 Qd6 17. h3 Nh2 18. Nf4 Nxf1 19. Qxf1 Bg6 20. Bxg6 hxg6 21. Qf2 Ne7 22. Ng5 f6 23. Ne4 Qc6 24. Qf3 Rad8 25. Nc5 Rc8 26. Nfe6 Rfe8 27. e4 Qd6 28. Qb3 Kh7 29. Nxb7 Qb8 30. Nbc5 Nc6 31. d5 Ne5 32. Qxb8 Rxb8 33. b3 Rb6 34. Rd1 Nf7 35. Rd4 a5 36. Ra4 Ra8 37. a3 Nd6 38. b4 Nc4 39. bxa5 Nxa5 40. Kh2 g5 41. e5 fxe5 42. Nxg5+ Kg8 43. Nge6 Ra7 44. Ne4 Nc6 45. Rc4 Ne7 46. d6 Nf5 47. Rc8+ Kf7 48. Nd8+ Kg6 49. Nc6 Rb8 1-0

[Event "XXII Open"]
[Site "Pola CRO"]
[Date "2008.06.26"]
[Round "7"]
[White "Vavrak, P."]
[Black "Saric, Ib"]
[Result "1/2-1/2"]
[WhiteElo "2466"]
[BlackElo "2548"]
[PlyCount "83"]
[EventDate "2008.06.21"]
[Source "www.chesslib.no"]
[SourceDate "2004.05.04"]

1. d4 d5 2. c4 c6 3. Nc3 e5 4. cxd5 cxd5 5. e4 dxe4 6. Bb5+ Bd7 7. dxe5 Bb4 8. Bxd7+ Nxd7 9. e6 fxe6 10. Nge2 Nc5 11. O-O Nf6 12. Be3 a6 13. a3 Bxc3 14. Nxc3 Qxd1 15. Raxd1 Rc8 16. Rd6 Ke7 17. Rb6 Nfd7 18. Rb4 b5 19. Nxe4 Nxe4 20. Rxe4 Nf6 21. Bg5 Rc5 22. Bxf6+ gxf6 23. a4 Rc4 24. Rfe1 Rxe4 25. Rxe4 Rc8 26. f3 f5 27. Rh4 Rc1+ 28. Kf2 Rc2+ 29. Kg3 Rxb2 30. Rxh7+ Kf6 31. axb5 axb5 32. Rb7 b4 33. h4 b3 34. Rb6 Rb1 35. f4 b2 36. Kf2 Kg6 37. Rxe6+ Kh5 38. Rb6 Kg4 39. Rb4 Kxh4 40. Rb8 Kg4 41. Rb4 Kh4 42. Rb8 1/2-1/2

[Event "Sochi"]
[Site "Sochi"]
[Date "1993.??.??"]
[Round "?"]
[White "Neverov, Valeriy"]
[Black "Tregubov, Pavel V"]
[Result "1-0"]
[WhiteElo "2535"]
[BlackElo "2475"]
[PlyCount "80"]
[EventDate "1993.09.??"]
[Source "ChessBase"]

1. d4 d5 2. c4 c6 3. Nc3 e5 4. e3 e4 5. Qb3 Nf6 6. Bd2 Be7 7. Nge2 dxc4 8. Qxc4 Qb6 9. Na4 Qd8 10. Qc2 Na6 11. a3 O-O 12. Ng3 b5 13. Nc3 c5 14. Bxb5 cxd4 15. exd4 Nc7 16. O-O Nxb5 17. Nxb5 Bb7 18. Be3 Rc8 19. Nc3 Qd7 20. Rfd1 Bd6 21. Qd2 Ng4 22. Bf4 Rce8 23. d5 f5 24. Bxd6 Qxd6 25. Qd4 e3 26. f4 g5 27. Rf1 Ba6 28. Rf3 Rc8 29. fxg5 Rc4 30. Qd1 Qe5 31. Qc2 Rf4 32. Re1 e2 33. Qd2 Rd4 34. Qc1 Rd3 35. Ncxe2 Rc8 36. Qf4 Rxf3 37. gxf3 Re8 38. fxg4 Qxf4 39. Nxf4 Rxe1+ 40. Kf2 Rb1 1-0

[Event "XXXIV Open"]
[Site "Mar del Plata"]
[Date "2003.04.15"]
[Round "5"]
[White "Atalik, Suat"]
[Black "Labollita, Martin"]
[Result "1/2-1/2"]
[WhiteElo "2568"]
[BlackElo "2433"]
[PlyCount "49"]
[EventDate "2003.04.12"]
[Source "Roberto Alvarez"]
[SourceDate "2003.04.21"]

1. d4 d5 2. c4 c6 3. Nc3 e5 4. e3 exd4 5. Qxd4 Nf6 6. cxd5 cxd5 7. Nf3 Nc6 8. Bb5 a6 9. Bxc6+ bxc6 10. O-O Be7 11. b3 O-O 12. Bb2 c5 13. Qd3 h6 14. Rfd1 Be6 15. Rac1 Qb8 16. Qb1 Rd8 17. h3 a5 18. Ba3 Qa7 19. Qc2 Rac8 20. Qe2 Ne4 21. Nxe4 dxe4 22. Rxd8+ Bxd8 23. Nd2 a4 24. bxa4 Qxa4 25. Nb1 1/2-1/2

[Event "San Bernardino"]
[Site "?"]
[Date "1991.??.??"]
[Round "?"]
[White "Flear, G."]
[Black "van der Sterren, P."]
[Result "1/2-1/2"]
[WhiteElo "2515"]
[BlackElo "2485"]
[PlyCount "76"]
[EventDate "1991.??.??"]
[Source "ChessBase"]
[SourceDate "1991.06.01"]

1. d4 d5 2. c4 c6 3. Nc3 e5 4. dxe5 d4 5. Ne4 Qa5+ 6. Nd2 Nh6 7. Ngf3 Nf5 8. g3 Ne3 9. fxe3 dxe3 10. Bg2 exd2+ 11. Bxd2 Bb4 12. a3 Bxd2+ 13. Qxd2 Qxd2+ 14. Kxd2 Be6 15. Kc3 Nd7 16. Rad1 Ke7 17. Rd4 a5 18. Rhd1 h6 19. e3 a4 20. Bf1 Ra5 21. Bd3 Nxe5 22. Nxe5 Rxe5 23. Re4 Rxe4 24. Bxe4 c5 25. Bxb7 Rb8 26. Bc6 Rb3+ 27. Kc2 Rxe3 28. Bxa4 Bxc4 29. Rd7+ Ke6 30. Rc7 Kd6 31. Rd7+ Ke5 32. Rc7 Bd5 33. Rxc5 Kd4 34. Rc3 Re2+ 35. Kc1 Rxh2 36. Bb3 Rh1+ 37. Kd2 Rh2+ 38. Kc1 Rh1+ 1/2-1/2

[Event "Santa Clara"]
[Site "?"]
[Date "2000.??.??"]
[Round "?"]
[White "Vera, R."]
[Black "Perez, L."]
[Result "1-0"]
[WhiteElo "2545"]
[BlackElo "2455"]
[PlyCount "85"]
[EventDate "2000.??.??"]
[Source "Chess Informant"]
[SourceDate "2000.06.01"]

1. d4 d5 2. c4 c6 3. Nc3 e5 4. e3 e4 5. Qb3 Nf6 6. Bd2 Be7 7. Nge2 b6 8. cxd5 cxd5 9. Nf4 Bb7 10. Bb5+ Kf8 11. O-O g5 12. Nh3 Rg8 13. f3 exf3 14. Rxf3 g4 15. Rxf6 gxh3 16. Rf2 Rxg2+ 17. Rxg2 hxg2 18. Qc2 Kg7 19. Qf5 Qd6 20. Re1 Qe6 21. Qh5 Nd7 22. e4 Nf8 23. Nxd5 Bxd5 24. exd5 Qf6 25. Kxg2 Qg6+ 26. Qxg6+ Nxg6 27. Kf3 Rd8 28. Bc6 f5 29. Bf4 Bf6 30. Be5 Ne7 31. Rc1 Ng6 32. Bc7 Rf8 33. d6 Bxd4 34. d7 Bxb2 35. Rd1 Bf6 36. Re1 Be7 37. Bb5 Kf6 38. Bc4 Bd8 39. Bd6 Rh8 40. Re8 Kg7 41. Bb5 Kf7 42. a4 Kf6 43. Ba3 1-0

[Event "Politiken Cup"]
[Site "Copenhagen DEN"]
[Date "1991.??.??"]
[Round "?"]
[White "Hansen, Lars Bo"]
[Black "Hector, Jonny"]
[Result "1-0"]
[WhiteElo "2525"]
[BlackElo "2465"]
[PlyCount "89"]
[EventDate "1991.??.??"]
[Source "www.chesslib.no"]
[SourceDate "2004.05.04"]

1. d4 d5 2. c4 c6 3. Nc3 e5 4. e3 exd4 5. exd4 g6 6. cxd5 cxd5 7. Qb3 Ne7 8. Bf4 Bg7 9. Bxb8 Rxb8 10. Bb5+ Bd7 11. Nf3 O-O 12. Bxd7 Qxd7 13. O-O Nc6 14. Rad1 Rfd8 15. Rfe1 f6 16. Re2 Bf8 17. Rde1 Na5 18. Qd1 Rbc8 19. Qd3 a6 20. h4 Nc4 21. h5 Qg4 22. hxg6 Qxg6 23. Rd1 Qh5 24. b3 Nd6 25. Re6 Re8 26. Rxe8 Rxe8 27. Re1 Rd8 28. Ne2 Bh6 29. Nc3 Rc8 30. g3 Bf8 31. Kg2 Qf7 32. Rh1 Rc7 33. Rh4 Nc8 34. Rg4+ Kh8 35. Rf4 Bb4 36. Ne2 Nd6 37. Rh4 Ne4 38. Nf4 Ng5 39. Nxg5 fxg5 40. Ng6+ Kg8 41. Ne5 Rc3 42. Qb1 Qg7 43. Rh5 Bf8 44. Qf5 h6 45. Rxh6 1-0

[Event "Hastings (open)"]
[Site "?"]
[Date "1992.??.??"]
[Round "?"]
[White "Krasenkov, M."]
[Black "Yanofsky, D."]
[Result "1-0"]
[WhiteElo "2555"]
[BlackElo "2435"]
[PlyCount "67"]
[EventDate "1992.??.??"]
[Source "ChessBase"]
[SourceDate "1992.10.01"]

1. d4 d5 2. c4 c6 3. Nc3 e5 4. dxe5 d4 5. Ne4 Qa5+ 6. Bd2 Qxe5 7. Ng3 Nf6 8. Nf3 Qd6 9. Qc2 Be7 10. O-O-O O-O 11. e3 dxe3 12. Bc3 Qc7 13. fxe3 Na6 14. a3 Nc5 15. b4 Ncd7 16. Nf5 Re8 17. c5 b5 18. g4 Bf8 19. Rg1 Nd5 20. Nh6+ gxh6 21. g5 Ne5 22. Nxe5 Rxe5 23. gxh6+ Kh8 24. Rxd5 cxd5 25. Qg2 Bg4 26. Qxg4 Bxh6 27. Qh3 Bg7 28. Rxg7 Kxg7 29. Qg3+ Kf6 30. Qf4+ Ke6 31. Bh3+ f5 32. Bxf5+ Rxf5 33. Qxc7 Raf8 34. Kc2 1-0

[Event "Groningen Harmonie"]
[Site "Groningen"]
[Date "2003.12.28"]
[Round "7"]
[White "Li Wenliang"]
[Black "Smeets, Jan"]
[Result "0-1"]
[WhiteElo "2477"]
[BlackElo "2511"]
[PlyCount "74"]
[EventDate "2003.12.21"]
[Source "ChessBase"]
[SourceDate "2004.03.30"]

1. d4 d5 2. c4 c6 3. Nc3 e5 4. e3 e4 5. Qb3 Nf6 6. Bd2 Be7 7. Nh3 Na6 8. cxd5 cxd5 9. Bb5+ Kf8 10. Be2 g6 11. f3 Nc7 12. Nf2 exf3 13. Bxf3 b6 14. O-O Ba6 15. Rfe1 Kg7 16. e4 Bc4 17. Qc2 dxe4 18. Nfxe4 Rc8 19. d5 Ncxd5 20. Rad1 Qc7 21. b3 Nb4 22. Qb2 Nd3 23. Qa1 Nxe1 24. Bxe1 Be6 25. Bg3 Qc6 26. Be5 Rhd8 27. Rc1 Bf5 28. Nf2 Qe6 29. Re1 Rd2 30. Nce4 Rxf2 31. Nxf2 Kg8 32. Bd4 Qd6 33. Rxe7 Qxe7 34. Bxf6 Qe3 35. Bb2 Rc2 36. Bd4 Rc1+ 37. Bd1 Qe1# 0-1

[Event "Russia"]
[Site "?"]
[Date "2004.??.??"]
[Round "?"]
[White "Yevseev, D."]
[Black "Sergienko, S."]
[Result "1-0"]
[WhiteElo "2580"]
[BlackElo "2400"]
[PlyCount "71"]
[EventDate "2004.??.??"]
[Source "Chess Informant"]
[SourceDate "2004.06.01"]

1. d4 d5 2. c4 c6 3. Nc3 e5 4. cxd5 cxd5 5. dxe5 d4 6. Ne4 Qa5+ 7. Nd2 Nc6 8. Ngf3 Nh6 9. g3 Ng4 10. Bg2 Ne3 11. fxe3 dxe3 12. O-O exd2 13. Bxd2 Qb6+ 14. Kh1 Be7 15. Bg5 O-O 16. Bxe7 Nxe7 17. Qd4 Nf5 18. Qxb6 axb6 19. Rfc1 Ne3 20. a3 Bd7 21. Rc3 Nxg2 22. Kxg2 Bc6 23. Rd1 Rfe8 24. Kf2 h6 25. Rd6 Ra4 26. b4 Rea8 27. Nd4 Bh1 28. e6 fxe6 29. Nxe6 Rxa3 30. Rc7 g5 31. Rg7+ Kh8 32. Rg6 Kh7 33. Rf6 Bc6 34. Nd4 Be4 35. Rd7+ Kg8 36. Ne6 1-0

[Event "Budapest Kasparov"]
[Site "Budapest"]
[Date "1991.??.??"]
[Round "11"]
[White "Horvath, Jozsef"]
[Black "Janovsky, Sergey"]
[Result "1/2-1/2"]
[WhiteElo "2540"]
[BlackElo "2430"]
[PlyCount "27"]
[EventDate "1991.06.??"]
[Source "ChessBase"]

1. d4 d5 2. c4 c6 3. Nc3 e5 4. cxd5 cxd5 5. e4 dxe4 6. Bb5+ Bd7 7. dxe5 Bb4 8. Bd2 Bxc3 9. Bxd7+ Nxd7 10. Bxc3 Nc5 11. Qxd8+ Rxd8 12. Ne2 Nd3+ 13. Kf1 f5 14. exf6 1/2-1/2

[Event "Bucuresti"]
[Site "?"]
[Date "1994.??.??"]
[Round "?"]
[White "Marin, Mihail"]
[Black "Cosma, I."]
[Result "1/2-1/2"]
[WhiteElo "2530"]
[BlackElo "2435"]
[PlyCount "120"]
[EventDate "1994.??.??"]
[Source "ChessBase"]
[SourceDate "1994.02.01"]

1. d4 d5 2. c4 c6 3. Nc3 e5 4. dxe5 d4 5. Ne4 Qa5+ 6. Bd2 Qxe5 7. Ng3 Nf6 8. Nf3 Qd6 9. Qc2 Be7 10. O-O-O O-O 11. e3 dxe3 12. fxe3 Qc7 13. Bc3 Na6 14. a3 Ng4 15. Re1 Bf6 16. Bd4 g6 17. Bd3 Re8 18. Kb1 Bd7 19. Ne4 Bxd4 20. exd4 Bf5 21. Ne5 Bxe4 22. Nxg4 Qf4 23. h3 Bxd3 24. Qxd3 Rxe1+ 25. Rxe1 Rd8 26. d5 h5 27. Ne5 Nc5 28. Qc2 Re8 29. Nd3 Rxe1+ 30. Nxe1 Qf1 31. Qd1 Qxc4 32. d6 Qe4+ 33. Nc2 Nd7 34. Qd2 Kg7 35. b4 Qd5 36. Qxd5 cxd5 37. Ne3 Kf6 38. Nxd5+ Ke5 39. Ne7 Nb6 40. Nc8 Ke6 41. Nxa7 Kxd6 42. Nb5+ Kc6 43. Nc3 Nd5 44. Ne2 Kb5 45. g3 Kc4 46. Kc2 g5 47. Kd2 f6 48. Nc1 b5 49. Ke2 f5 50. Kf3 g4+ 51. hxg4 hxg4+ 52. Kf2 Kc3 53. Ne2+ Kd3 54. Nc1+ Ke4 55. Ne2 Ke5 56. Kg1 Nc7 57. Kf2 Ke4 58. a4 bxa4 59. Nc3+ Ke5 60. Nxa4 f4 1/2-1/2

[Event "Sverige"]
[Site "?"]
[Date "1993.??.??"]
[Round "?"]
[White "Agrest, E."]
[Black "Hector, J."]
[Result "1-0"]
[WhiteElo "2465"]
[BlackElo "2500"]
[PlyCount "69"]
[EventDate "1993.??.??"]
[Source "ChessBase"]
[SourceDate "1993.10.01"]

1. d4 d5 2. c4 c6 3. Nc3 e5 4. dxe5 d4 5. Ne4 Qa5+ 6. Bd2 Qxe5 7. Ng3 c5 8. Nf3 Qc7 9. e3 Nc6 10. exd4 cxd4 11. Bd3 Bd6 12. O-O Nge7 13. Qc2 Bg4 14. Ng5 h6 15. N5e4 Bb4 16. h3 Bd7 17. c5 Bxd2 18. Nd6+ Kf8 19. Qxd2 b6 20. b4 bxc5 21. bxc5 Be6 22. Rfe1 Kg8 23. Be4 Rd8 24. Rad1 a5 25. Nh5 g6 26. Nf4 Bf5 27. Bxc6 Nxc6 28. g4 Bc8 29. Nd5 Qa7 30. Rc1 Kg7 31. Qf4 Rhf8 32. Qf6+ Kh7 33. Ne7 Nxe7 34. Rxe7 Rd7 35. Nxc8 1-0

[Event "Dortmund op-A"]
[Site "Dortmund GER"]
[Date "1993.??.??"]
[Round "9"]
[White "Bischoff, Klaus"]
[Black "Schwartzman, Gabriel"]
[Result "1/2-1/2"]
[WhiteElo "2505"]
[BlackElo "2455"]
[PlyCount "45"]
[EventDate "1993.04.??"]
[Source "www.chesslib.no"]
[SourceDate "2004.05.04"]

1. d4 d5 2. c4 c6 3. Nc3 e5 4. dxe5 d4 5. Ne4 Qa5+ 6. Bd2 Qxe5 7. Ng3 c5 8. Nf3 Qc7 9. Nh5 Bg4 10. Nf4 Nf6 11. g3 Nc6 12. Bg2 Bd6 13. O-O O-O 14. h3 Bf5 15. Nd5 Nxd5 16. cxd5 Ne7 17. Rc1 Qd7 18. g4 Be4 19. Ne5 Bxe5 20. Bxe4 Rac8 21. Qb3 b6 22. Bg2 Rb8 23. e4 1/2-1/2

[Event "ITA Team Ch"]
[Site "Italy"]
[Date "1994.??.??"]
[Round "6"]
[White "Horvath, Jozsef"]
[Black "Ortega, Lexy"]
[Result "1-0"]
[WhiteElo "2515"]
[BlackElo "2440"]
[PlyCount "68"]
[EventDate "1994.??.??"]
[Source "www.chesslib.no"]
[SourceDate "2004.05.04"]

1. d4 d5 2. c4 c6 3. Nc3 e5 4. e3 e4 5. Bd2 Nf6 6. Nge2 Na6 7. Rc1 Bg4 8. Qa4 dxc4 9. Ng3 Nc7 10. Qxc4 Be6 11. Qa4 Bd5 12. Nxd5 Qxd5 13. Bc4 Qd7 14. Qc2 Qe7 15. a3 O-O-O 16. Ba2 Ncd5 17. O-O g6 18. b4 Kb8 19. a4 h5 20. h3 h4 21. Ne2 Qd7 22. b5 cxb5 23. axb5 g5 24. f4 g4 25. hxg4 h3 26. g3 Ba3 27. Ra1 Qxg4 28. Qd1 Bb2 29. Rb1 Bc3 30. Kh2 Bxd2 31. Qxd2 Rhg8 32. Bc4 Rc8 33. Rb3 Nh5 34. Rg1 Qf3 1-0

[Event "Pardubice Open"]
[Site "Pardubice CZE"]
[Date "1995.??.??"]
[Round "?"]
[White "Stohl, Igor"]
[Black "Krivoshey, Sergei"]
[Result "1/2-1/2"]
[WhiteElo "2530"]
[BlackElo "2420"]
[PlyCount "31"]
[EventDate "1995.07.??"]
[Source "www.chesslib.no"]
[SourceDate "2004.05.04"]

1. d4 d5 2. c4 c6 3. Nc3 e5 4. dxe5 d4 5. Ne4 Qa5+ 6. Bd2 Qxe5 7. Ng3 Nf6 8. Nf3 Qd6 9. Qc2 Be7 10. O-O-O Na6 11. Nf5 Bxf5 12. Qxf5 Qc5 13. Qxc5 Bxc5 14. Bg5 Ne4 15. Bh4 h5 16. Nd2 1/2-1/2

[Event "Russia (ch)"]
[Site "?"]
[Date "1993.??.??"]
[Round "?"]
[White "Ionov, S."]
[Black "Tregubov, P."]
[Result "1/2-1/2"]
[WhiteElo "2500"]
[BlackElo "2445"]
[PlyCount "57"]
[EventDate "1993.??.??"]
[Source "ChessBase"]
[SourceDate "1993.10.01"]

1. d4 d5 2. c4 c6 3. Nc3 e5 4. dxe5 d4 5. Ne4 Qa5+ 6. Bd2 Qxe5 7. Ng3 c5 8. Nf3 Qc7 9. e3 Nc6 10. exd4 cxd4 11. Bd3 Bd6 12. O-O Nge7 13. Qc2 Bg4 14. c5 Bf4 15. Bxf4 Qxf4 16. Ne2 Qf6 17. Nd2 Bf5 18. Ne4 Bxe4 19. Bxe4 h6 20. Rad1 O-O 21. Nc1 Rac8 22. Nd3 b6 23. Rfe1 Nd8 24. b4 Ne6 25. Qa4 bxc5 26. Nxc5 Nxc5 27. bxc5 Rfd8 28. Qxa7 Nd5 29. Bxd5 1/2-1/2

[Event "Niksic"]
[Site "Niksic YUG"]
[Date "1994.??.??"]
[Round "?"]
[White "Bogdanovski, Vlatko"]
[Black "Pajkovic, Vladimir"]
[Result "0-1"]
[WhiteElo "2515"]
[BlackElo "2430"]
[PlyCount "72"]
[EventDate "1994.??.??"]
[Source "www.chesslib.no"]
[SourceDate "2004.05.04"]

1. d4 d5 2. c4 c6 3. Nc3 e5 4. e3 e4 5. Qb3 Nf6 6. Nh3 Bd6 7. cxd5 O-O 8. Bd2 Qe7 9. a3 a6 10. g3 Bg4 11. Bg2 Rd8 12. dxc6 Nxc6 13. Nf4 Bxf4 14. gxf4 b5 15. O-O Rac8 16. Kh1 Na5 17. Qc2 Qe6 18. Rae1 Qf5 19. Bc1 Rd6 20. Qb1 Qh5 21. Rg1 Nb3 22. Qc2 Na5 23. Qd2 Nc4 24. Qc2 Re8 25. f3 exf3 26. Bf1 Bf5 27. Qf2 Ng4 28. Rxg4 Qxg4 29. e4 Rg6 30. Bd3 Nd6 31. Bd2 Qg2+ 32. Qxg2 Rxg2 33. Bc1 Rg6 34. Re3 f2 35. Rg3 Nxe4 36. Nxe4 Bxe4+ 0-1

[Event "Kerteminde"]
[Site "Kerteminde"]
[Date "1991.??.??"]
[Round "5"]
[White "Van der Sterren, Paul"]
[Black "Hector, Jonny"]
[Result "0-1"]
[WhiteElo "2475"]
[BlackElo "2465"]
[PlyCount "88"]
[EventDate "1991.02.??"]
[Source "ChessBase"]

1. d4 d5 2. c4 c6 3. Nc3 e5 4. cxd5 cxd5 5. e4 dxe4 6. Bb5+ Bd7 7. dxe5 Bb4 8. Bd2 e3 9. fxe3 Nh6 10. e6 fxe6 11. Qh5+ Nf7 12. Nf3 g6 13. Qg4 Qe7 14. O-O Bxb5 15. Nxb5 Bxd2 16. Nxd2 Nc6 17. Ne4 O-O 18. Rf6 Rae8 19. Raf1 Nh6 20. Qg5 Nf5 21. g4 Rxf6 22. Nxf6+ Kh8 23. gxf5 exf5 24. Nc3 Qxe3+ 25. Qxe3 Rxe3 26. Rd1 Re6 27. Nfd5 Kg7 28. Nf4 Re7 29. Rd6 Kh6 30. Ne6 Ne5 31. Nd5 Re8 32. Nec7 Rc8 33. Re6 Nc4 34. Re7 Nxb2 35. Nf6 g5 36. Nce8 g4 37. Rxh7+ Kg5 38. Rg7+ Kf4 39. Nc7 Nd3 40. Nfd5+ Kf3 41. Re7 f4 42. Nc3 Nf2 43. N7d5 g3 44. Rh7 Re8 0-1

[Event "07"]
[Site "07 Werfen"]
[Date "1990.??.??"]
[Round "?"]
[White "Farago, Ivan"]
[Black "Shabalov, Alexander"]
[Result "0-1"]
[WhiteElo "2475"]
[BlackElo "2465"]
[PlyCount "106"]
[EventDate "1990.??.??"]
[Source "www.chesslib.no"]
[SourceDate "2004.05.04"]

1. d4 d5 2. c4 c6 3. Nc3 e5 4. e3 e4 5. Qb3 Nf6 6. cxd5 cxd5 7. Nge2 Nc6 8. Nf4 Bb4 9. Bb5 O-O 10. Bd2 g5 11. Nfe2 Be7 12. h4 h6 13. hxg5 hxg5 14. Ng3 Be6 15. Na4 Na5 16. Qd1 a6 17. Be2 b6 18. Bxa5 bxa5 19. Rc1 Kg7 20. Nc5 Qb6 21. Qb3 Bxc5 22. Rxc5 Qxb3 23. axb3 Rfb8 24. Rxa5 Rxb3 25. Rxa6 Rc8 26. Ra2 Rc2 27. Bd1 Rbxb2 28. Rxb2 Rxb2 29. Nh5+ Nxh5 30. Rxh5 f6 31. Rh2 Bd7 32. Rh1 Bb5 33. Rh2 Bc4 34. Rh1 Ra2 35. Rh2 Bb5 36. Rh1 Ra1 37. Kd2 Ba4 38. Rf1 Ra2+ 39. Ke1 Ra1 40. Kd2 f5 41. g3 Kf6 42. Be2 Ra2+ 43. Ke1 g4 44. Bd1 Bxd1 45. Kxd1 Ke6 46. Re1 Rxf2 47. Rg1 Ra2 48. Ke1 Rb2 49. Rf1 Rg2 50. Rh1 Rxg3 51. Rh6+ Ke7 52. Kf2 Rf3+ 53. Ke2 Kf7 0-1

[Event "Imperia op"]
[Site "Imperia"]
[Date "1996.??.??"]
[Round "4"]
[White "Arlandi, Ennio"]
[Black "Ortega, Lexy"]
[Result "1/2-1/2"]
[WhiteElo "2445"]
[BlackElo "2495"]
[PlyCount "57"]
[EventDate "1996.??.??"]
[Source "www.chesslib.no"]
[SourceDate "2004.05.04"]

1. d4 d5 2. c4 c6 3. Nc3 e5 4. dxe5 d4 5. Ne4 Qa5+ 6. Bd2 Qxe5 7. Ng3 Nf6 8. Nf3 Qd6 9. Qc2 Be7 10. O-O-O O-O 11. Bc3 c5 12. e3 Nc6 13. exd4 cxd4 14. Nxd4 Nb4 15. Bxb4 Qxb4 16. Bd3 Qb6 17. f3 g6 18. Nde2 a6 19. Kb1 Bd7 20. h4 Rfc8 21. h5 Be8 22. Nc3 Qc7 23. Nge4 Bc6 24. hxg6 hxg6 25. Nxf6+ Bxf6 26. Nd5 Bxd5 27. cxd5 Qd6 28. Qe2 Rc5 29. Bc2 1/2-1/2

[Event "Troll Masters"]
[Site "Gausdal NOR"]
[Date "1991.??.??"]
[Round "4"]
[White "Roeder, Mathias"]
[Black "Shabalov, Alexander"]
[Result "1/2-1/2"]
[WhiteElo "2430"]
[BlackElo "2505"]
[PlyCount "83"]
[EventDate "1991.01.??"]
[Source "www.chesslib.no"]
[SourceDate "2004.05.04"]

1. d4 d5 2. c4 c6 3. Nc3 e5 4. dxe5 d4 5. Ne4 Qa5+ 6. Nd2 Nh6 7. Ngf3 Nf5 8. a3 Nd7 9. g4 Ne3 10. b4 Nxd1 11. bxa5 Nc3 12. Nxd4 Nxe5 13. h3 a6 14. a4 Be6 15. Ba3 O-O-O 16. e3 Bxa3 17. Rxa3 c5 18. Rxc3 cxd4 19. exd4 Rxd4 20. Be2 Rhd8 21. Nf3 Nxf3+ 22. Rxf3 Bxc4 23. Bxc4 Rd1+ 24. Ke2 Rxh1 25. Rxf7 Rc1 26. Be6+ Kb8 27. Rxg7 Re8 28. Kd2 Rc7 29. Rxc7 Kxc7 30. Bf5 h6 31. f4 Rd8+ 32. Ke3 Rd5 33. h4 Rxa5 34. Be4 Rxa4 35. g5 Ra3+ 36. Bd3 Kd6 37. gxh6 Rc3 38. h7 Rc8 39. Bc4 Rh8 40. Bg8 Ke7 41. Kd4 b6 42. Kd5 1/2-1/2